000 01359pam a2200325 a 4500
003 OSt
005 20260203132714.0
008 041015s2006 at ab b 001 0 eng
020 _a9781260571042
040 _aKABLIB
_cKABLIB
_dKABLIB
_beng
_erda
082 0 0 _a580.1
_223
_bBID
100 _aBidlack E. James
_915059
245 0 0 _aPlant biology /
_cJames E. Bidlack ... [et al.].
250 _a15th ed.
260 _aNewyork;
_aBelmont, CA, USA :
_bMC GrawHill,
_cc2021
300 _a603 p. :
_bill. (chiefly col.), col. ;
_c29 cm.
336 _atext
_btxt
_2rdacontent
337 _aunmediated
_bn
_2rdamedia
338 _avolume
_bnc
_2rdacarrier
504 _aIncludes bibliographical references and index.
650 0 _aBotany.
_9382
700 1 _aRost, Thomas L.
_915060
856 4 2 _3Contributor biographical information
_uhttp://www.loc.gov/catdir/enhancements/fy1103/2004115123-b.html
856 4 2 _3Publisher description
_uhttp://www.loc.gov/catdir/enhancements/fy1103/2004115123-d.html
856 4 1 _3Table of contents only
_uhttp://www.loc.gov/catdir/enhancements/fy1103/2004115123-t.html
906 _a7
_bcbc
_corigcop
_d3
_eepcn
_f20
_gy-gencatlg
942 _2ddc
_cBOOK
999 _c5975
_d5975